BlackPink members. - Statistics

General Stats
  • This quiz has been taken 47 times
  • The average score is 9 of 12
Answer Stats
Hint Answer % Correct
What year was she born in? 1997
97%
What year was she born in? 1997
97%
What year was she born? 1996
95%
Where was Lalisa Manobal born? Thailand
95%
What year was she born in? 1995
92%
Where was Park Chaeyoung ( Rose) born? New Zealand
92%
Where was Kim Jisoo born? South Korea
86%
where was Kim Jennie born? South Korea
86%
What is Lalisa recognised for? Dancing/rapping
35%
What is Jennie recognised for? Singing/rapping
35%
What is Rose recognised for? Singing
30%
What is Jisoo recognised for? Singing
30%
No matching quizzes found
Score Distribution
Percent of People with Each Score
Percentile by Number Answered
Your Score History
You have not taken this quiz